Impuesto sobre sociedades

Bibliographic Details
Main Author: Chico de la Cm̀ara, Pablo
Other Authors: Cazorla Prieto, Luis Mara̕ (pr)
Format: Unknown
Language:Spanish
Published: Madrid : Universidad Rey Juan Carlos, Servicio de Publicaciones ; Dykinson, 2005
Edition:2® ed
Series:Ciencias Jurd̕icas y Sociales (Universidad Rey Juan Carlos)
Subjects:
Online Access:Acceso restringido

MARC

LEADER 00000ny a22000003n 4500
005 20110524113530.0
008 060317s2005 sp s 000 0 spa c
017 |a D.L. SE.5549-2005 
020 |a 8497727797 
035 |a 1392 
040 |a UMA.CEE  |d vLex 
040 |a UMA.RE  |d vLex 
080 |a 336.226.12(460) 
090 |c 200  |d 200 
100 1 |a Chico de la Cm̀ara, Pablo 
245 1 0 |a Impuesto sobre sociedades  |h [Recurso electrn̤ico]  |c Pablo Chico de la Cm̀ara ; prl̤ogo de Luis Mara̕ Cazorla Prieto 
250 |a 2® ed 
256 |a Servicio en ln̕ea 
260 |a Madrid :  |b Universidad Rey Juan Carlos, Servicio de Publicaciones ;  |b Dykinson,   |c 2005 
300 |a 170 p. ;  |c 24 cm 
490 1 |a Ciencias Jurd̕icas y Sociales ;  |v 4 
504 |a Bibliografa̕ 
506 1 |a Contenido solo disponible en los productos indicados  |d vLex Global  |d vLex Global (Academic Edition, excluding Law Schools)  |d vLex Global (U.S. Academic Edition, Law Schools)  |d vLex Global (U.S. Academic Edition, excluding Law Schools)  |d vLex Global (Academic Edition, Law Schools) 
650 0 7 |a Impuesto sobre sociedades  |2 Tesauro vLex 
650 0 7 |a Tributario  |2 Tesauro vLex 
650 0 7 |a Derecho tributario  |2 Tesauro vLex 
650 0 7 |a Impuesto sobre sociedades  |2 Tesauro vLex 
700 1 |a Cazorla Prieto, Luis Mara̕,  |e pr 
740 0 |a vLex Libros (Servicios en ln̕ea) 
830 0 |a Ciencias Jurd̕icas y Sociales (Universidad Rey Juan Carlos) 
856 4 0 |u http://vlex.com/source/1392  |z Acceso restringido 
942 |c BOOK 
999 0 |a Taxation  |b Madrid